00761nam a2200217Ia 4500003000900000008004100009020001800050040001600068080002200084245009100106260003500197300001500232650002000247650003900267650003900306650001900345700003100364942000700395999001500402952012600417IN-BaIIA211028s9999 xx 000 0 eng d a0-12-018821-X cIIA Library a550.3(047.1)bADV 0aAdvances in geophysicscedited by Barry Saltzman  aNew YorkbAcademic Pressc1979 avii, 411p. abiography91224 aBiography-Jan Hendrick Oort911866 aJan Hendrick Oort Biography911867 aNASA Thesaurus aSaltzman, Barry, ed.95719 cBK c6924d6924 00104070aBANbBANcGENd1981-11-03g405.00l0o550.3(047.1)/ ADVp7698r2021-11-05v405.00w1981-11-03yBKGRs. 405.00